Missing Word: Brothers & Sisters Quiz Stats

 Plays Quiz Updated Oct 24, 2017

Challenge
Share
Tweet
Embed
Score 0/30 Timer 03:00
0 Plays Today
Name Answer % Correct
Serena & ______ WilliamsVenus
90.2%
Wilbur & Orville ______Wright
85.7%
'I am not my brother's ______' (saying)keeper
84%
Peyton & ___ ManningEli
83.6%
Minneapolis - Saint ____ (twin cities)Paul
81.8%
Ben & Casey _______Affleck
81.3%
Mario & _____Luigi
78.8%
Ann Landers & Dear ____Abby
65%
Mycroft & ________ HolmesSherlock
64.8%
Lyon, France & Milan, _____ (sister cities)Italy
64.5%
Lynn & Vanessa ________Redgrave
63.3%
Frank & _____ JamesJesse
63.1%
Anne, _________ & Emily BrontëCharlotte
63.1%
Ernest & Julio _____ (winery)Gallo
56.3%
____ & Noel Gallagher (Oasis)Liam
44.1%
Name Answer % Correct
National Sisters Day: first Sunday in _______August
42.6%
Elizabeth I & ____ TudorMary
42.3%
Keenen _____ & Damon WayansIvory
41.5%
______ & Pollux (Gemini)Castor
40.2%
___ & Nancy Wilson (Heart)Ann
37.1%
_____ & Zooey DeschanelEmily
34.1%
Wilhelm & Jacob ______Grimm
33.9%
Leah & ______ (Jacob's wives)Rachel
28.1%
_______ mayor (Spanish for big brother)Hermano
28%
Nick (Santa) and ____ Claus (holiday movie)Fred
26.2%
Barnard, Vassar: 2 of The ______ SistersSeven
25%
Belle-_____ (French for stepsister)Soeur
19.8%
_________ & Emily Blackwell (M.D.s)Elizabeth
12.2%
________, Eliza & Peggy SchuylerAngelica
8%
Mileena & ______ (Mortal Kombat)Kitana
4.9%

Today's Daily Dose

Missing Word
Entertainment 'L'

Word Ladder
Fingers

Quick Pick
When in Rome

On This Day
December 15th II

You're not logged in!

Compare scores with friends on all Sporcle quizzes.
OR
Log In

You Might Also Like...

Show Comments

Extras

Top Quizzes Today


Score Distribution

Your Account Isn't Verified!

In order to create a playlist on Sporcle, you need to verify the email address you used during registration. Go to your Sporcle Settings to finish the process.

Report this User

Report this user for behavior that violates our Community Guidelines.

Details: